000 00512nam a2200169Ia 4500
008 090711s9999 xx 000 0 und d
082 _b63877
100 _aबोरकर कमलाकर
245 _aइष्काSाी इंगळी
260 _c1989
300 _a102
600 _aबोरकर कमलाकर
630 _aइष्काSाी इंगळी
700 _aबोरकर कमलाकर
730 _aइष्काSाी इंगळी
942 _cBOOK
999 _c307945
_d307945